|
|
|
|
| LEADER |
00000n m0a2200000 4500 |
| 001 |
308579 |
| 005 |
20231102002116.0 |
| 010 |
|
|
|a 9785891186590
|
| 035 |
|
|
|a (RuTPU)RU\TPU\book\333899
|
| 090 |
|
|
|a 308579
|
| 100 |
|
|
|a 20151103d2015 k y0rusy50 ca
|
| 101 |
0 |
|
|a rus
|
| 102 |
|
|
|a RU
|
| 105 |
|
|
|a a z 001zy
|
| 200 |
1 |
|
|a Эволюция почв и почвенного покрова. Теория, разнообразие природной эволюции и антропогенных трансформаций почв
|f Российская академия наук (РАН), Институт физико-химических и биологических проблем почвоведения (ИФХиБПП), Научный совет по проблемам почвоведения ; Общество почвоведов имени В. В. Докучаева ; отв. ред. В. Н. Кудеяров , И. В. Иванов
|
| 210 |
|
|
|a Москва
|c ГЕОС
|d 2015
|
| 215 |
|
|
|a 924 с.
|c ил.
|
| 320 |
|
|
|a Библиогр.: с. 857-907.
|
| 320 |
|
|
|a Сведения об авторах: с. 908-916.
|
| 330 |
|
|
|a Книга посвящена эволюции дневных почв и почвенного покрова России, Украины и Казахстана в голоцене. В первой части книги рассмотрены история исследований, изучение эволюции на разных уровнях организации почвенных систем, методы изучения эволюции и возраста почв, обосновано выделение частных почвенных профилей (минералогического, гидрологического, температурного, гумусового и других) и почвенных сукцессии как механизма эволюции почв. Рассмотрено функционирование почвенного покрова двух контрастных модельных объектов (почв поверхностных техногенных образований (футбольных полей) и почв областей с интенсивными потоками углеводородных газов из недр). Вторая часть книги посвящена разнообразию природной эволюции почв во времени и пространстве. Дан обзор почвообразования на протяжении фанерозоя, плейстоцена и особенностей изменения климата Земли в голоцене. Обобщены новейшие данные и проведен теоретический анализ эволюции почв тундровой и лесной зон, черноземов, сухих степей и полупустынь Восточно-Европейской равнины, почвенного покрова равнин Западной Сибири и северного Казахстана, почв тундр и аласов Якутии, предгорий и низкогорий юга Средней Сибири, почв горных областей России, Украины и Центральной Азии. Рассмотрены проблемы миграции почвенных зон на границе экотонов тундра/лес, лес/степь и степь/пустыня, вторых гумусовых горизонтов, ритмичности и цикличности почвообразования в голоцене. В третьей части книги анализируется история освоения человеком почвенного покрова Земли и Восточно-Европейской равнины. Рассмотрены основные формы антропогенных воздействий на почвы и почвенный покров, дана количественная оценка их воздействия на плодородие почв России. В заключении подведены наиболее общие итоги и намечены перспективы дальнейших исследований. Обобщение выполнено сотрудниками институтов РАН, а также ряда государственных университетов России и Украины.
|
| 606 |
1 |
|
|a Почвоведение
|2 stltpush
|3 (RuTPU)RU\TPU\subj\71851
|9 85566
|
| 610 |
1 |
|
|a почвы
|
| 610 |
1 |
|
|a эволюция
|
| 610 |
1 |
|
|a история
|
| 610 |
1 |
|
|a возраст
|
| 610 |
1 |
|
|a почвенные процессы
|
| 610 |
1 |
|
|a моделирование
|
| 610 |
1 |
|
|a почвенные сукцессии
|
| 610 |
1 |
|
|a почвенный покров
|
| 610 |
1 |
|
|a функционирование
|
| 610 |
1 |
|
|a Земля
|
| 610 |
1 |
|
|a геологическая история
|
| 610 |
1 |
|
|a плейстоцен
|
| 610 |
1 |
|
|a почвообразование
|
| 610 |
1 |
|
|a Восточно-Европейская равнина
|
| 610 |
1 |
|
|a голоцен
|
| 610 |
1 |
|
|a климат
|
| 610 |
1 |
|
|a изменение
|
| 610 |
1 |
|
|a тундровые почвы
|
| 610 |
1 |
|
|a лесные зоны
|
| 610 |
1 |
|
|a черноземная степь
|
| 610 |
1 |
|
|a Северный Кавказ
|
| 610 |
1 |
|
|a предгорья
|
| 610 |
1 |
|
|a сухие степи
|
| 610 |
1 |
|
|a полупустыни
|
| 610 |
1 |
|
|a Средняя Азия
|
| 610 |
1 |
|
|a Якутия
|
| 610 |
1 |
|
|a северные приморские низменности
|
| 610 |
1 |
|
|a тундровые почвы
|
| 610 |
1 |
|
|a палеогеография
|
| 610 |
1 |
|
|a Средняя Сибирь
|
| 610 |
1 |
|
|a горные области
|
| 610 |
1 |
|
|a антропогенная эволюция
|
| 610 |
1 |
|
|a древние поселения
|
| 610 |
1 |
|
|a культурный слой
|
| 610 |
1 |
|
|a трансформация
|
| 675 |
|
|
|a 631.4
|v 4
|
| 702 |
|
1 |
|a Кудеяров
|b В. Н.
|g Валерий Николаевич
|4 340
|
| 702 |
|
1 |
|a Иванов
|b И. В.
|g Игорь Васильевич
|4 340
|
| 712 |
0 |
2 |
|a Российская академия наук (РАН)
|b Институт физико-химических и биологических проблем почвоведения (ИФХиБПП)
|b Научный совет по проблемам почвоведения
|c (Пущино)
|c (1999- )
|2 stltpush
|3 (RuTPU)RU\TPU\col\3483
|
| 712 |
0 |
2 |
|a Общество почвоведов имени В. В. Докучаева
|c (Москва)
|c (2004- )
|2 stltpush
|3 (RuTPU)RU\TPU\col\3484
|9 23849
|
| 801 |
|
1 |
|a RU
|b 63413507
|c 20151103
|
| 801 |
|
2 |
|a RU
|b 63413507
|c 20190701
|g RCR
|
| 900 |
|
|
|a Почвоведение
|
| 942 |
|
|
|c BK
|
| 959 |
|
|
|a 138/20151103
|d 1
|e 0
|f ЧЗТЛ:1
|